[Event "World Chess Olympiad 2018"]
[Site "Batumi"]
[Date "2018.10.02"]
[Round "8"]
[Board "1"]
[WhiteFideId "13602934"]
[White "Paichadze Luka"]
[BlackFideId "12303143"]
[Black "Lama Himal"]
[Result "1-0"]
[LiveChessVersion "1.4.8"]
[BlackElo "2057"]
[WhiteElo "2564"]

1. e4 {[%clk 1:30:54]} e5 {[%clk 1:29:31]} 2. Nc3 {[%clk 1:30:53]} Nc6
{[%clk 1:29:53]} 3. Bc4 {[%clk 1:30:54]} Be7 {[%clk 1:27:26]} 4. Nge2
{[%clk 1:30:25]} Na5 {[%clk 1:26:02]} 5. d3 {[%clk 1:30:07]} Nf6 {[%clk 1:26:17]}
6. a3 {[%clk 1:30:02]} Nxc4 {[%clk 1:26:24]} 7. dxc4 {[%clk 1:30:28]} b6
{[%clk 1:20:07]} 8. O-O {[%clk 1:30:33]} Bb7 {[%clk 1:20:35]} 9. Qd3
{[%clk 1:30:55]} d6 {[%clk 1:14:02]} 10. b4 {[%clk 1:24:24]} a5 {[%clk 1:11:51]}
11. Rb1 {[%clk 1:23:06]} O-O {[%clk 1:08:43]} 12. Ng3 {[%clk 1:13:55]} Re8
{[%clk 1:08:59]} 13. Nf5 {[%clk 1:13:52]} Bf8 {[%clk 0:55:56]} 14. Bg5
{[%clk 1:13:47]} h6 {[%clk 0:55:29]} 15. Bh4 {[%clk 1:10:14]} g6 {[%clk 0:53:22]}
16. Ne3 {[%clk 1:08:36]} Be7 {[%clk 0:53:24]} 17. Rfd1 {[%clk 1:06:34]} axb4
{[%clk 0:52:55]} 18. axb4 {[%clk 1:07:00]} Ra3 {[%clk 0:53:13]} 19. Bxf6
{[%clk 1:04:52]} Bxf6 {[%clk 0:53:09]} 20. Rb3 {[%clk 1:01:05]} Ra8
{[%clk 0:51:18]} 21. Ncd5 {[%clk 0:58:44]} Bg5 {[%clk 0:50:34]} 22. c5
{[%clk 0:50:15]} dxc5 {[%clk 0:50:00]} 23. bxc5 {[%clk 0:50:11]} Bxe3
{[%clk 0:50:17]} 24. Qxe3 {[%clk 0:39:21]} Bxd5 {[%clk 0:50:29]} 25. exd5
{[%clk 0:39:44]} Qxd5 {[%clk 0:49:16]} 26. Rbd3 {[%clk 0:39:32]} Qxc5
{[%clk 0:49:01]} 27. Qxh6 {[%clk 0:39:56]} Qf8 {[%clk 0:49:25]} 28. Qd2
{[%clk 0:39:33]} e4 {[%clk 0:49:12]} 29. Rd7 {[%clk 0:39:44]} Qc5
{[%clk 0:47:45]} 30. h4 {[%clk 0:33:16]} e3 {[%clk 0:44:30]} 31. fxe3
{[%clk 0:33:42]} Rxe3 {[%clk 0:44:43]} 32. Qf2 {[%clk 0:33:13]} Re2
{[%clk 0:34:37]} 33. Qxc5 {[%clk 0:30:25]} bxc5 {[%clk 0:33:05]} 34. Rf1
{[%clk 0:28:41]} Rf8 {[%clk 0:22:33]} 35. Rf2 {[%clk 0:22:28]} Rxf2
{[%clk 0:21:18]} 36. Kxf2 {[%clk 0:22:54]} c6 {[%clk 0:21:43]} 37. Rd6
{[%clk 0:23:21]} Rc8 {[%clk 0:22:09]} 38. g4 {[%clk 0:20:10]} Kf8
{[%clk 0:22:13]} 39. g5 {[%clk 0:16:11]} Ke7 {[%clk 0:22:26]} 40. Rf6
{[%clk 0:46:37]} Rd8 {[%clk 0:50:30]} 41. Ke3 {[%clk 0:43:29]} Rd6
{[%clk 0:46:42]} 42. Rf4 {[%clk 0:42:58]} Re6+ {[%clk 0:39:32]} 43. Kd3
{[%clk 0:42:18]} Re1 {[%clk 0:30:15]} 44. c4 {[%clk 0:30:14]} Rh1
{[%clk 0:28:36]} 45. Ke4 {[%clk 0:24:02]} Rh3 {[%clk 0:23:59]} 46. Ke5
{[%clk 0:24:18]} Rd3 {[%clk 0:20:54]} 47. Re4 {[%clk 0:24:26]} Rf3
{[%clk 0:19:44]} 48. Rf4 {[%clk 0:24:48]} Rh3 {[%clk 0:20:10]} 49. Re4
{[%clk 0:22:32]} Rd3 {[%clk 0:19:52]} 50. Re2 {[%clk 0:20:33]} Rd4
{[%clk 0:17:55]} 51. Re4 {[%clk 0:20:59]} Rd1 {[%clk 0:18:20]} 52. Rf4
{[%clk 0:20:15]} Rd6 {[%clk 0:17:36]} 53. Rxf7+ {[%clk 0:20:38]} 1-0

[Event "World Chess Olympiad 2018"]
[Site "Batumi"]
[Date "2018.10.02"]
[Round "8"]
[Board "2"]
[WhiteFideId "12303135"]
[White "Thing Bibek"]
[BlackFideId "13602276"]
[Black "Maghalashvili Davit"]
[Result "1/2-1/2"]
[LiveChessVersion "1.4.8"]
[BlackElo "2508"]
[WhiteElo "2237"]

1. e4 {[%clk 1:29:52]} c5 {[%clk 1:30:56]} 2. Nf3 {[%clk 1:29:38]} d6
{[%clk 1:27:42]} 3. Bb5+ {[%clk 1:29:48]} Nc6 {[%clk 1:27:51]} 4. O-O
{[%clk 1:29:02]} Bd7 {[%clk 1:28:12]} 5. Qe2 {[%clk 1:26:28]} a6 {[%clk 1:27:11]}
6. Bxc6 {[%clk 1:26:44]} Bxc6 {[%clk 1:27:32]} 7. d4 {[%clk 1:26:33]} cxd4
{[%clk 1:25:18]} 8. Nxd4 {[%clk 1:26:52]} Nf6 {[%clk 1:16:46]} 9. Nxc6
{[%clk 1:19:13]} bxc6 {[%clk 1:17:12]} 10. Bg5 {[%clk 1:15:53]} Qa5
{[%clk 1:12:57]} 11. Bxf6 {[%clk 1:05:55]} gxf6 {[%clk 1:11:21]} 12. Na3
{[%clk 1:03:43]} e6 {[%clk 1:06:26]} 13. Nc4 {[%clk 1:02:36]} Qc5
{[%clk 1:06:38]} 14. b3 {[%clk 0:58:16]} d5 {[%clk 1:01:06]} 15. exd5
{[%clk 0:57:07]} cxd5 {[%clk 1:01:23]} 16. Ne3 {[%clk 0:57:05]} Be7
{[%clk 0:51:17]} 17. Rfd1 {[%clk 0:53:12]} f5 {[%clk 0:44:12]} 18. c4
{[%clk 0:41:58]} f4 {[%clk 0:34:00]} 19. Ng4 {[%clk 0:31:22]} dxc4
{[%clk 0:33:51]} 20. Rac1 {[%clk 0:24:00]} c3 {[%clk 0:27:58]} 21. Ne5
{[%clk 0:22:12]} Rd8 {[%clk 0:23:04]} 22. Nc4 {[%clk 0:13:51]} Rxd1+
{[%clk 0:18:17]} 23. Rxd1 {[%clk 0:12:22]} O-O {[%clk 0:17:21]} 24. Ne5
{[%clk 0:11:14]} c2 {[%clk 0:14:17]} 25. Rc1 {[%clk 0:11:09]} Rd8
{[%clk 0:14:38]} 26. Nc4 {[%clk 0:09:35]} Qf5 {[%clk 0:07:23]} 27. Rxc2
{[%clk 0:09:09]} Bc5 {[%clk 0:04:17]} 28. Rc1 {[%clk 0:08:34]} Bd4
{[%clk 0:04:30]} 29. h3 {[%clk 0:08:35]} e5 {[%clk 0:03:56]} 30. Re1
{[%clk 0:07:17]} Rd5 {[%clk 0:00:59]} 31. Qf3 {[%clk 0:07:22]} Qe6
{[%clk 0:01:03]} 32. Qe4 {[%clk 0:06:10]} Kg7 {[%clk 0:01:14]} 33. Re2
{[%clk 0:05:35]} Rc5 {[%clk 0:01:05]} 34. Kh2 {[%clk 0:05:48]} Qg6
{[%clk 0:01:14]} 35. Qf3 {[%clk 0:05:16]} h5 {[%clk 0:01:13]} 36. Qb7
{[%clk 0:04:29]} h4 {[%clk 0:01:16]} 37. Qe7 {[%clk 0:03:53]} Qf6
{[%clk 0:01:07]} 38. Qd7 {[%clk 0:03:51]} Rc6 {[%clk 0:00:40]} 39. Qg4+
{[%clk 0:03:50]} Kh6 {[%clk 0:00:49]} 40. Nd2 {[%clk 0:33:09]} Qg5
{[%clk 0:30:37]} 41. Qxg5+ {[%clk 0:26:11]} Kxg5 {[%clk 0:29:55]} 42. Nf3+
{[%clk 0:26:31]} Kf6 {[%clk 0:29:52]} 43. Nxh4 {[%clk 0:26:24]} Rc1
{[%clk 0:20:55]} 44. Nf3 {[%clk 0:25:00]} Bc3 {[%clk 0:21:01]} 45. g3
{[%clk 0:23:33]} fxg3+ {[%clk 0:20:14]} 46. fxg3 {[%clk 0:23:43]} Kf5
{[%clk 0:16:15]} 47. Nh4+ {[%clk 0:22:44]} Kg5 {[%clk 0:11:22]} 48. Nf3+
{[%clk 0:20:48]} Kf5 {[%clk 0:11:44]} 49. Nh4+ {[%clk 0:21:03]} Kg5
{[%clk 0:12:09]} 1/2-1/2

[Event "World Chess Olympiad 2018"]
[Site "Batumi"]
[Date "2018.10.02"]
[Round "8"]
[Board "3"]
[WhiteFideId "13604597"]
[White "Beradze Irakli"]
[BlackFideId "12300870"]
[Black "Jaiswal Rupesh"]
[Result "1-0"]
[LiveChessVersion "1.4.8"]
[BlackElo "2165"]
[WhiteElo "2495"]

1. d4 {[%clk 1:30:56]} Nf6 {[%clk 1:30:55]} 2. Nf3 {[%clk 1:31:22]} d5
{[%clk 1:30:57]} 3. c4 {[%clk 1:31:35]} e6 {[%clk 1:31:18]} 4. Nc3
{[%clk 1:31:53]} c6 {[%clk 1:31:15]} 5. e3 {[%clk 1:30:55]} Bd6 {[%clk 1:31:33]}
6. Bd3 {[%clk 1:30:59]} Nbd7 {[%clk 1:31:34]} 7. O-O {[%clk 1:31:05]} O-O
{[%clk 1:31:46]} 8. e4 {[%clk 1:31:00]} dxc4 {[%clk 1:26:40]} 9. Bxc4
{[%clk 1:31:24]} b5 {[%clk 1:25:35]} 10. Bb3 {[%clk 1:10:44]} b4 {[%clk 1:19:25]}
11. e5 {[%clk 1:07:55]} bxc3 {[%clk 1:19:22]} 12. exd6 {[%clk 1:06:22]} Ba6
{[%clk 1:06:20]} 13. Re1 {[%clk 1:06:31]} Nb6 {[%clk 1:02:12]} 14. bxc3
{[%clk 1:04:59]} Qxd6 {[%clk 1:01:40]} 15. a4 {[%clk 1:04:34]} Rfe8
{[%clk 0:58:30]} 16. Ne5 {[%clk 1:03:22]} Nfd7 {[%clk 0:57:36]} 17. Ba3
{[%clk 0:43:50]} Qc7 {[%clk 0:57:06]} 18. a5 {[%clk 0:41:32]} Nd5
{[%clk 0:52:17]} 19. c4 {[%clk 0:42:00]} N5f6 {[%clk 0:51:45]} 20. Ba4
{[%clk 0:41:24]} c5 {[%clk 0:48:33]} 21. Nxd7 {[%clk 0:39:41]} Nxd7
{[%clk 0:48:49]} 22. dxc5 {[%clk 0:40:06]} Red8 {[%clk 0:48:41]} 23. Qd6
{[%clk 0:39:41]} Qxd6 {[%clk 0:39:16]} 24. cxd6 {[%clk 0:40:06]} Bxc4
{[%clk 0:39:39]} 25. Rec1 {[%clk 0:40:17]} Rac8 {[%clk 0:39:04]} 26. Rab1
{[%clk 0:38:49]} Ba6 {[%clk 0:29:54]} 27. Bxd7 {[%clk 0:37:59]} Rxc1+
{[%clk 0:29:35]} 28. Bxc1 {[%clk 0:38:24]} 1-0

[Event "World Chess Olympiad 2018"]
[Site "Batumi"]
[Date "2018.10.02"]
[Round "8"]
[Board "4"]
[WhiteFideId "12300403"]
[White "Rajbhandari Rijendra"]
[BlackFideId "13602250"]
[Black "Quparadze Giga"]
[Result "0-1"]
[LiveChessVersion "1.4.8"]
[BlackElo "2495"]
[WhiteElo "1937"]

1. d4 {[%clk 1:30:52]} Nf6 {[%clk 1:30:56]} 2. c4 {[%clk 1:31:09]} e6
{[%clk 1:31:23]} 3. g3 {[%clk 1:31:07]} d5 {[%clk 1:31:47]} 4. Nf3
{[%clk 1:31:01]} Bb4+ {[%clk 1:32:09]} 5. Bd2 {[%clk 1:30:52]} Be7
{[%clk 1:32:31]} 6. Bg2 {[%clk 1:30:59]} O-O {[%clk 1:32:56]} 7. O-O
{[%clk 1:30:48]} c6 {[%clk 1:33:24]} 8. Qc2 {[%clk 1:30:32]} b6 {[%clk 1:33:40]}
9. Bf4 {[%clk 1:29:48]} Nbd7 {[%clk 1:33:57]} 10. Rd1 {[%clk 1:29:16]} Ba6
{[%clk 1:34:21]} 11. Ne5 {[%clk 1:26:02]} Nxe5 {[%clk 1:25:34]} 12. dxe5
{[%clk 1:26:19]} Nd7 {[%clk 1:26:00]} 13. cxd5 {[%clk 1:19:26]} cxd5
{[%clk 1:26:24]} 14. Nc3 {[%clk 1:19:52]} g5 {[%clk 1:25:25]} 15. Bc1
{[%clk 1:14:21]} Nxe5 {[%clk 1:25:40]} 16. e4 {[%clk 1:14:31]} d4
{[%clk 1:26:04]} 17. Qa4 {[%clk 1:10:41]} Bd3 {[%clk 1:25:44]} 18. f4
{[%clk 1:02:07]} dxc3 {[%clk 1:25:16]} 19. fxe5 {[%clk 1:02:18]} Bc5+
{[%clk 1:25:41]} 20. Kh1 {[%clk 1:02:35]} c2 {[%clk 1:26:05]} 21. Rxd3
{[%clk 0:57:43]} Qxd3 {[%clk 1:26:23]} 22. Bxg5 {[%clk 0:58:09]} b5
{[%clk 1:26:22]} 0-1

[Event "World Chess Olympiad 2018"]
[Site "Batumi"]
[Date "2018.10.02"]
[Round "8"]
[Board "1"]
[WhiteFideId "3405400"]
[White "Morovic Fernandez Ivan"]
[BlackFideId "7300069"]
[Black "Reyes Najera Carlos A."]
[Result "1-0"]
[LiveChessVersion "1.4.8"]
[BlackElo "2149"]
[WhiteElo "2501"]

1. d4 {[%clk 1:30:58]} Nf6 {[%clk 1:30:52]} 2. c4 {[%clk 1:30:57]} e6
{[%clk 1:30:49]} 3. Nc3 {[%clk 1:30:02]} d5 {[%clk 1:27:00]} 4. Bg5
{[%clk 1:28:56]} Be7 {[%clk 1:24:36]} 5. e3 {[%clk 1:28:49]} dxc4
{[%clk 1:20:55]} 6. Bxc4 {[%clk 1:27:41]} O-O {[%clk 1:17:00]} 7. Nf3
{[%clk 1:26:25]} c5 {[%clk 1:12:59]} 8. O-O {[%clk 1:22:57]} cxd4
{[%clk 1:11:23]} 9. Nxd4 {[%clk 1:20:20]} e5 {[%clk 1:01:41]} 10. Ndb5
{[%clk 1:08:09]} Qxd1 {[%clk 0:53:10]} 11. Rfxd1 {[%clk 1:08:00]} Nc6
{[%clk 0:53:32]} 12. Rac1 {[%clk 0:56:58]} a6 {[%clk 0:50:30]} 13. Nd6
{[%clk 0:54:51]} Na5 {[%clk 0:44:52]} 14. Be2 {[%clk 0:40:52]} Rd8
{[%clk 0:36:11]} 15. Bxf6 {[%clk 0:32:13]} gxf6 {[%clk 0:20:18]} 16. Nxc8
{[%clk 0:31:30]} Raxc8 {[%clk 0:20:00]} 17. Bg4 {[%clk 0:31:24]} Rc4
{[%clk 0:15:17]} 18. Rxd8+ {[%clk 0:29:11]} Bxd8 {[%clk 0:15:43]} 19. h3
{[%clk 0:29:35]} Nc6 {[%clk 0:14:51]} 20. Rd1 {[%clk 0:29:26]} Ba5
{[%clk 0:12:45]} 21. Rd7 {[%clk 0:27:23]} Rb4 {[%clk 0:08:16]} 22. Bh5
{[%clk 0:23:25]} Nd8 {[%clk 0:04:43]} 23. b3 {[%clk 0:22:20]} Kg7
{[%clk 0:03:40]} 24. Nd5 {[%clk 0:21:19]} Rh4 {[%clk 0:01:27]} 25. Bg4
{[%clk 0:20:37]} Nc6 {[%clk 0:01:24]} 26. Rxb7 {[%clk 0:19:55]} f5
{[%clk 0:01:47]} 27. Bxf5 {[%clk 0:19:47]} Nb4 {[%clk 0:01:55]} 28. g3
{[%clk 0:18:53]} Rh5 {[%clk 0:00:53]} 29. Bg4 {[%clk 0:19:00]} 1-0

[Event "World Chess Olympiad 2018"]
[Site "Batumi"]
[Date "2018.10.02"]
[Round "8"]
[Board "2"]
[WhiteFideId "7300662"]
[White "Cu Hor Winston Darwin"]
[BlackFideId "3407128"]
[Black "Salinas Herrera Pablo"]
[Result "1/2-1/2"]
[LiveChessVersion "1.4.8"]
[BlackElo "2486"]
[WhiteElo "2319"]

1. Nf3 {[%clk 1:30:52]} d5 {[%clk 1:30:56]} 2. c4 {[%clk 1:31:15]} e6
{[%clk 1:31:07]} 3. g3 {[%clk 1:31:13]} Nf6 {[%clk 1:31:33]} 4. Bg2
{[%clk 1:31:34]} dxc4 {[%clk 1:30:01]} 5. Qa4+ {[%clk 1:28:45]} Bd7
{[%clk 1:30:07]} 6. Qxc4 {[%clk 1:29:09]} c5 {[%clk 1:30:22]} 7. O-O
{[%clk 1:28:18]} Bc6 {[%clk 1:30:36]} 8. b3 {[%clk 1:26:42]} Nbd7
{[%clk 1:30:24]} 9. Bb2 {[%clk 1:27:02]} Be7 {[%clk 1:29:41]} 10. d3
{[%clk 1:27:02]} O-O {[%clk 1:29:54]} 11. Nbd2 {[%clk 1:26:41]} b5
{[%clk 1:28:12]} 12. Qc2 {[%clk 1:26:44]} a6 {[%clk 1:23:15]} 13. Rac1
{[%clk 1:27:05]} Rc8 {[%clk 1:22:57]} 14. Qb1 {[%clk 1:26:01]} Qb6
{[%clk 1:22:13]} 15. Qa1 {[%clk 1:25:11]} Rfd8 {[%clk 1:22:16]} 16. h3
{[%clk 1:19:58]} Ne8 {[%clk 1:22:18]} 17. Rfd1 {[%clk 1:16:04]} Bb7
{[%clk 1:19:02]} 18. Nf1 {[%clk 1:12:50]} Bf6 {[%clk 1:15:05]} 19. Ne3
{[%clk 1:11:58]} Nf8 {[%clk 1:07:20]} 20. Ng4 {[%clk 1:04:12]} Bxb2
{[%clk 1:05:23]} 21. Qxb2 {[%clk 1:04:32]} f6 {[%clk 1:00:26]} 22. Ne3
{[%clk 0:59:57]} Rc7 {[%clk 0:58:54]} 23. a3 {[%clk 0:59:16]} e5 {[%clk 0:53:25]}
24. b4 {[%clk 0:58:48]} Ne6 {[%clk 0:52:49]} 25. bxc5 {[%clk 0:53:43]} Nxc5
{[%clk 0:49:30]} 26. d4 {[%clk 0:51:30]} exd4 {[%clk 0:49:54]} 27. Rxd4
{[%clk 0:51:03]} Rxd4 {[%clk 0:49:36]} 28. Qxd4 {[%clk 0:50:35]} Na4
{[%clk 0:48:31]} 29. Rxc7 {[%clk 0:49:13]} Qxc7 {[%clk 0:48:50]} 30. Nh4
{[%clk 0:44:31]} Bxg2 {[%clk 0:44:25]} 31. Kxg2 {[%clk 0:44:50]} Qc6+
{[%clk 0:44:15]} 32. Nd5 {[%clk 0:40:55]} Nc3 {[%clk 0:31:46]} 33. e4
{[%clk 0:38:34]} Nxd5 {[%clk 0:32:12]} 34. exd5 {[%clk 0:38:37]} Qd7
{[%clk 0:32:21]} 35. Kh2 {[%clk 0:32:27]} g6 {[%clk 0:31:15]} 36. Ng2
{[%clk 0:30:57]} Qd6 {[%clk 0:31:25]} 37. Qe3 {[%clk 0:29:02]} Nc7
{[%clk 0:30:50]} 38. Nf4 {[%clk 0:29:06]} Kg7 {[%clk 0:16:23]} 39. h4
{[%clk 0:22:49]} g5 {[%clk 0:12:06]} 40. Ne6+ {[%clk 0:49:47]} Nxe6
{[%clk 0:42:31]} 41. dxe6 {[%clk 0:50:14]} Qe7 {[%clk 0:38:02]} 42. f4
{[%clk 0:42:57]} gxh4 {[%clk 0:38:08]} 43. gxh4 {[%clk 0:41:25]} f5
{[%clk 0:38:06]} 1/2-1/2

[Event "World Chess Olympiad 2018"]
[Site "Batumi"]
[Date "2018.10.02"]
[Round "8"]
[Board "3"]
[WhiteFideId "3406903"]
[White "Garcia Cardenas Pablo"]
[BlackFideId "7300220"]
[Black "Ortiz Q Johnny Alexander"]
[Result "1-0"]
[LiveChessVersion "1.4.8"]
[BlackElo "2207"]
[WhiteElo "2444"]

1. d4 {[%clk 1:30:57]} Nf6 {[%clk 1:30:55]} 2. c4 {[%clk 1:31:23]} e6
{[%clk 1:31:21]} 3. Nc3 {[%clk 1:31:50]} Bb4 {[%clk 1:31:46]} 4. Qc2
{[%clk 1:32:17]} d5 {[%clk 1:32:09]} 5. cxd5 {[%clk 1:32:41]} exd5
{[%clk 1:32:32]} 6. Bg5 {[%clk 1:32:53]} h6 {[%clk 1:32:51]} 7. Bh4
{[%clk 1:33:02]} c5 {[%clk 1:24:24]} 8. dxc5 {[%clk 1:33:23]} g5 {[%clk 1:24:48]}
9. Bg3 {[%clk 1:33:50]} Ne4 {[%clk 1:25:13]} 10. e3 {[%clk 1:32:56]} Bxc3+
{[%clk 1:09:29]} 11. bxc3 {[%clk 1:33:19]} Nc6 {[%clk 1:09:55]} 12. Bd3
{[%clk 1:26:48]} Bf5 {[%clk 0:59:37]} 13. Ne2 {[%clk 1:19:14]} Qa5
{[%clk 0:59:10]} 14. Rb1 {[%clk 1:09:20]} O-O-O {[%clk 0:44:03]} 15. Nd4
{[%clk 0:49:41]} Bd7 {[%clk 0:19:26]} 16. Nb5 {[%clk 0:46:38]} Nxg3
{[%clk 0:11:25]} 17. Nd6+ {[%clk 0:46:14]} Kb8 {[%clk 0:11:26]} 18. Nxb7
{[%clk 0:45:39]} Qc7 {[%clk 0:10:20]} 19. Nxd8+ {[%clk 0:44:51]} Ka8
{[%clk 0:10:49]} 20. Nxf7 {[%clk 0:39:13]} Rf8 {[%clk 0:10:44]} 21. hxg3
{[%clk 0:37:08]} Rxf7 {[%clk 0:10:52]} 22. Rxh6 {[%clk 0:37:10]} Rf8
{[%clk 0:09:45]} 23. Qb3 {[%clk 0:31:07]} Bc8 {[%clk 0:05:18]} 24. Rxc6
{[%clk 0:31:20]} 1-0

[Event "World Chess Olympiad 2018"]
[Site "Batumi"]
[Date "2018.10.02"]
[Round "8"]
[Board "4"]
[WhiteFideId "7300239"]
[White "Lorenzana Wilson Estuardo"]
[BlackFideId "3401294"]
[Black "Valenzuela Fuentealba Luis"]
[Result "0-1"]
[LiveChessVersion "1.4.8"]
[BlackElo "2443"]
[WhiteElo "2292"]

1. e4 {[%clk 1:30:43]} c5 {[%clk 1:30:47]} 2. Nf3 {[%clk 1:30:59]} e6
{[%clk 1:30:56]} 3. d4 {[%clk 1:31:22]} cxd4 {[%clk 1:31:08]} 4. Nxd4
{[%clk 1:31:45]} a6 {[%clk 1:31:23]} 5. Nc3 {[%clk 1:32:09]} b5 {[%clk 1:31:05]}
6. Bd3 {[%clk 1:32:23]} Qb6 {[%clk 1:30:58]} 7. Nb3 {[%clk 1:32:07]} Qc7
{[%clk 1:30:49]} 8. O-O {[%clk 1:23:42]} Bb7 {[%clk 1:30:36]} 9. f4
{[%clk 1:21:22]} d6 {[%clk 1:23:55]} 10. a3 {[%clk 1:17:58]} Nd7 {[%clk 1:23:26]}
11. Kh1 {[%clk 1:17:53]} Ngf6 {[%clk 1:23:32]} 12. Qe2 {[%clk 1:18:11]} Be7
{[%clk 1:23:00]} 13. Bd2 {[%clk 1:18:16]} O-O {[%clk 1:18:25]} 14. Nd4
{[%clk 1:16:37]} Rfe8 {[%clk 1:11:14]} 15. Rae1 {[%clk 1:15:59]} g6
{[%clk 1:06:02]} 16. Nf3 {[%clk 1:00:30]} Nc5 {[%clk 0:38:31]} 17. b4
{[%clk 0:38:50]} Nxd3 {[%clk 0:28:36]} 18. cxd3 {[%clk 0:39:12]} Nh5
{[%clk 0:26:25]} 19. Rc1 {[%clk 0:38:28]} Qd7 {[%clk 0:24:23]} 20. Qf2
{[%clk 0:29:00]} f5 {[%clk 0:24:03]} 21. Rfe1 {[%clk 0:18:31]} Bf8
{[%clk 0:23:18]} 22. Re2 {[%clk 0:16:46]} Bg7 {[%clk 0:20:45]} 23. Rce1
{[%clk 0:16:16]} Rac8 {[%clk 0:14:58]} 24. Nd1 {[%clk 0:15:56]} h6
{[%clk 0:13:40]} 25. Qh4 {[%clk 0:14:55]} Qf7 {[%clk 0:09:06]} 26. Nf2
{[%clk 0:12:30]} Rc2 {[%clk 0:08:08]} 27. g4 {[%clk 0:08:45]} Nxf4
{[%clk 0:07:03]} 28. Bxf4 {[%clk 0:08:57]} Rxe2 {[%clk 0:07:27]} 29. Rxe2
{[%clk 0:09:20]} fxe4 {[%clk 0:07:52]} 30. dxe4 {[%clk 0:05:21]} Qxf4
{[%clk 0:08:01]} 31. Kg2 {[%clk 0:04:02]} Rf8 {[%clk 0:05:13]} 32. Qg3
{[%clk 0:04:07]} d5 {[%clk 0:02:57]} 33. Qxf4 {[%clk 0:04:31]} Rxf4
{[%clk 0:03:23]} 34. Kg3 {[%clk 0:04:53]} g5 {[%clk 0:03:40]} 35. exd5
{[%clk 0:04:04]} Bxd5 {[%clk 0:04:01]} 36. Nd2 {[%clk 0:04:12]} Bc3
{[%clk 0:03:17]} 37. Nde4 {[%clk 0:02:07]} Be5 {[%clk 0:02:48]} 38. Kg2
{[%clk 0:02:33]} Bd4 {[%clk 0:02:07]} 39. Kg3 {[%clk 0:01:24]} Bxf2+
{[%clk 0:02:11]} 40. Nxf2 {[%clk 0:31:24]} Rf3+ {[%clk 0:32:25]} 0-1

[Event "World Chess Olympiad 2018"]
[Site "Batumi"]
[Date "2018.10.02"]
[Round "8"]
[Board "1"]
[WhiteFideId "7105029"]
[White "Priasmoro Novendra"]
[BlackFideId "13608207"]
[Black "Oboladze Luka"]
[Result "1-0"]
[LiveChessVersion "1.4.8"]
[BlackElo "2340"]
[WhiteElo "2498"]

1. d4 {[%clk 1:30:36]} d5 {[%clk 1:30:05]} 2. Nf3 {[%clk 1:30:20]} Nf6
{[%clk 1:30:17]} 3. c4 {[%clk 1:29:58]} e6 {[%clk 1:30:27]} 4. Nc3
{[%clk 1:29:20]} dxc4 {[%clk 1:29:25]} 5. Qa4+ {[%clk 1:25:56]} c6
{[%clk 1:20:10]} 6. Qxc4 {[%clk 1:26:07]} b5 {[%clk 1:20:28]} 7. Qd3
{[%clk 1:25:15]} a6 {[%clk 1:19:36]} 8. e4 {[%clk 1:24:37]} Nbd7 {[%clk 1:18:57]}
9. Be2 {[%clk 1:23:42]} Bb7 {[%clk 1:13:32]} 10. e5 {[%clk 1:18:29]} Nd5
{[%clk 1:13:04]} 11. Nxd5 {[%clk 1:17:05]} cxd5 {[%clk 1:13:25]} 12. Bd2
{[%clk 1:17:12]} Be7 {[%clk 1:11:28]} 13. h4 {[%clk 1:17:24]} b4 {[%clk 1:06:08]}
14. Ng5 {[%clk 1:16:12]} a5 {[%clk 0:59:15]} 15. Qf3 {[%clk 1:09:15]} Bxg5
{[%clk 0:57:14]} 16. Bxg5 {[%clk 1:04:15]} Qb6 {[%clk 0:57:29]} 17. Qg4
{[%clk 0:59:40]} Ba6 {[%clk 0:54:37]} 18. Bxa6 {[%clk 0:59:27]} Qxa6
{[%clk 0:54:06]} 19. Be3 {[%clk 0:57:13]} Kf8 {[%clk 0:20:04]} 20. Rc1
{[%clk 0:56:36]} Rc8 {[%clk 0:19:52]} 21. Rxc8+ {[%clk 0:56:40]} Qxc8
{[%clk 0:20:18]} 22. O-O {[%clk 0:56:56]} h5 {[%clk 0:19:37]} 23. Qg5
{[%clk 0:53:46]} g6 {[%clk 0:18:15]} 24. Rc1 {[%clk 0:53:59]} Qb8
{[%clk 0:18:41]} 25. Rc6 {[%clk 0:52:49]} Qe8 {[%clk 0:12:11]} 26. Ra6
{[%clk 0:51:25]} Kg7 {[%clk 0:11:12]} 27. Rxa5 {[%clk 0:51:36]} Qb8
{[%clk 0:10:25]} 28. Qe7 {[%clk 0:50:42]} Qd8 {[%clk 0:07:33]} 29. Qxd8
{[%clk 0:50:38]} Rxd8 {[%clk 0:07:59]} 30. Ra7 {[%clk 0:50:21]} Nb8
{[%clk 0:07:38]} 31. Rc7 {[%clk 0:50:24]} Na6 {[%clk 0:07:19]} 32. Rb7
{[%clk 0:50:36]} Rb8 {[%clk 0:07:05]} 33. Ra7 {[%clk 0:48:55]} Rb6
{[%clk 0:07:32]} 34. Bg5 {[%clk 0:49:13]} Nb8 {[%clk 0:06:54]} 35. Rc7
{[%clk 0:43:03]} Rc6 {[%clk 0:07:00]} 36. Bf6+ {[%clk 0:43:15]} Kf8
{[%clk 0:04:38]} 37. Be7+ {[%clk 0:42:02]} Ke8 {[%clk 0:05:06]} 38. Rb7
{[%clk 0:42:26]} Na6 {[%clk 0:00:53]} 39. Bd6 {[%clk 0:41:34]} Rc2
{[%clk 0:00:31]} 40. Ra7 {[%clk 1:11:52]} Rc6 {[%clk 0:30:38]} 41. Re7+
{[%clk 1:12:17]} Kd8 {[%clk 0:24:34]} 42. Rxf7 {[%clk 1:12:13]} 1-0